000
00358nam a2200133Ia 4500
008
151001s9999||||xx |||||||||||||| ||und||
100
_a
वालचंद्र नालचंद्र शहा
245
_a
छत्रसाल
250
_a
2
260
_b
सुरस ग्रंथमाला
260
_c
1971
300
_a
444
365
_b
7
999
_c
955301
_d
955298